| 000 | 01030nam a2200253 i 4500 | ||
|---|---|---|---|
| 001 | bg | ||
| 245 | 0 | 0 |
_aBudownictwo mieszkaniowe w latach 90. - zróżnicowanie przestrzenne i kierunki rozwoju / _cpod red. Tadeusza Marszała. |
| 260 |
_aWarszawa : _bWydaw. Naukowe PWN, _c1999. |
||
| 300 |
_a185 s. : _bmapy, pl. ; _c21 cm. |
||
| 490 | 1 |
_aBiuletyn / Polska Akademia Nauk Komitet Przestrzennego Zagospodarowania Kraju, _x0079-3493 ; _vZ. 190 |
|
| 504 | _aBibliogr. przy art. | ||
| 650 | 9 |
_aMiasta _xplanowanie przestrzenne _zPolska _yod 1989 r. |
|
| 650 | 9 |
_aBudownictwo mieszkaniowe _azagadnienia |
|
| 700 | 1 |
_aMARSZAŁ, Tadeusz. _eRed. |
|
| 710 | 0 |
_aPolska Akademia Nauk _bKomitet Przestrzennego Zagospodarowania Kraju |
|
| 830 | 0 |
_aBiuletyn (Polska Akademia Nauk Komitet Przestrzennego Zagospodarowania Kraju) ; _vZ. 190 |
|
| 020 | _a8301130512 | ||
| 040 | _cBPK | ||
| 041 | 0 | _apl | |
| 080 | _a911.375:711.4/.8](438-21)"1989/..." | ||
| 920 | _a83-01-13051-2 | ||
| 942 | _cKS | ||
| 008 | s pl f |000 0 pol | ||
| 999 |
_c36818 _d36818 |
||
| 856 |
_uhttp://koha.tu.koszalin.pl/cgi-bin/koha/opac-detail.pl?biblionumber=36818 _yKatalog online BPK |
||